| 000 | 00678nam a22001457a 4500 | ||
|---|---|---|---|
| 020 | _a0-340-35266-3 | ||
| 082 |
_a823 _bARC/F |
||
| 100 | _aARCHER, JEFFREY | ||
| 245 | _aFIRST AMONG EQUALS | ||
| 260 |
_aUNITED KINGDOM _bHODDER AND STOUGHTON |
||
| 300 | _a446 | ||
| 520 | _aIn the 1960s, four ambitious new MPs take their seats at Westminster. Over three decades they share the turbulent passions and upheavals of the race for power with their wives and families, men and women caught up in a dramatic game for the highest stakes of all. But only one man can gain the ultimate goal – the office of Prime Minister . . . | ||
| 650 |
_aENGLISH NOVEL _zUNITED KINGDOM |
||
| 942 | _cBK | ||
| 999 |
_c2010 _d2010 |
||